00660naa a2200205 a 450000100080000000500110000800800410001910000150006024501200007526000090019565300140020465300210021865300240023965300220026370000330028570000160031870000200033470000220035477300780037611222132014-11-04 2013 bl uuuu u00u1 u #d1 aVAZ, F. N. aEstudos d e an??lise do conhecimento emp??rico dos capatazes de pecu??ria de corte do munic??pio de Dom Pedrito-RS. c2013 aEmpirismo aManejo de bovino aRegi??o da campanha aTrabalhador rural1 aFONTOURA JUNIOR, J. A. da S.1 aLEAL, W. S.1 aTEIXEIRA, N. P.1 a??VILA, M. M. de. tExtens??o Rural, Santa Maria, RSgv. 20, n. 1, p. 98-134, jan./abr. 2013.